[Event "CAN-ch International"]
[Site "Longueuil"]
[Date "2019.10.13"]
[Round "5"]
[White "Rodrigue Lemieux, Shawn"]
[Black "Cazelais, Marc"]
[Result "1-0"]
[WhiteElo "2393"]
[BlackElo "2145"]
[PlyCount "129"]
[EventDate "2019.10.11"]
[EventType "swiss"]
[EventRounds "5"]
[EventCountry "CAN"]
[SourceTitle "CBM 192 Extra"]
[Source "Chessbase"]
[SourceDate "2019.11.06"]
[SourceVersion "1"]
[SourceVersionDate "2019.11.06"]
[SourceQuality "1"]

1. e4 g6 2. d4 Bg7 3. Nc3 c6 4. Nf3 d5 5. e5 Bg4 6. Be2 f6 7. exf6 Nxf6 8. 0-0 0-0 9. Re1 Bxf3 10. Bxf3 Nbd7 11. Bg5 Rf7 12. Qd3 Qc7 13. Re6 Nf8 14. Re2 e6 15. Rae1 N6d7 16. Bg4 e5 17. dxe5 Nxe5 18. Qg3 Nxg4 19. Qxg4 Qa5 20. Re7 d4 21. Rxf7 Kxf7 22. Re7+ Kg8 23. Qf3 Qf5 24. Ne4 Qxf3 25. gxf3 b6 26. Nf6+ Kh8 27. Ne8 d3 28. Nxg7 dxc2 29. Ne8 h6 30. Bxh6 Nh7 31. Nd6 g5 32. Re1 Kg8 33. Nf5 Kf7 34. Rc1 Kg6 35. Ne7+ Kxh6 36. Nxc6 Nf6 37. Rxc2 Nh5 38. Ne5 Nf4 39. Rc6+ Kg7 40. Rc7+ Kf6 41. Ng4+ Kg6 42. Rc6+ Kg7 43. Rc4 Rd8 44. h4 Rd2 45. hxg5 Nh3+ 46. Kg2 Nxg5 47. Rc7+ Kg6 48. Ne5+ Kf6 49. Nc4 Rc2 50. Nxb6 Rxb2 51. Nd7+ Kf5 52. Rxa7 Ne6 53. Ra5+ Kg6 54. Ne5+ Kf6 55. Kg3 Nd4 56. Ng4+ Kg6 57. Ra6+ Kg7 58. a4 Rb3 59. Ne3 Ne2+ 60. Kg4 Rb4+ 61. Kg5 Ng1 62. Ra7+ Kf8 63. Nd5 Rc4 64. Kg6 Rc6+ 65. Nf6 1-0

[Event "CAN-ch International"]
[Site "Longueuil"]
[Date "2019.10.12"]
[Round "3"]
[White "Qiao, Cindy"]
[Black "Cazelais, Marc"]
[Result "1/2-1/2"]
[WhiteElo "1791"]
[BlackElo "2145"]
[PlyCount "88"]
[EventDate "2019.10.11"]
[EventType "swiss"]
[EventRounds "5"]
[EventCountry "CAN"]
[SourceTitle "CBM 192 Extra"]
[Source "Chessbase"]
[SourceDate "2019.11.06"]
[SourceVersion "1"]
[SourceVersionDate "2019.11.06"]
[SourceQuality "1"]

1. e4 g6 2. d4 Bg7 3. Nc3 c6 4. Be3 d5 5. f3 dxe4 6. Nxe4 Nf6 7. Qd2 0-0 8. 0-0-0 a5 9. Bh6 Nbd7 10. Nf2 a4 11. g4 b5 12. h4 Nb6 13. h5 Qd5 14. hxg6 fxg6 15. Bxg7 Kxg7 16. Qh6+ Kg8 17. Bd3 Qf7 18. Ne4 Nbd5 19. Nh3 Qg7 20. Qh4 Nb4 21. Nhg5 Ra7 22. Nc5 a3 23. Nce6 Bxe6 24. Nxe6 axb2+ 25. Kd2 Qf7 26. Nxf8 Kxf8 27. Qh6+ Kg8 28. Qe3 Nfd5 29. Qe5 Qf4+ 30. Qxf4 Nxf4 31. Be4 Rxa2 32. Rb1 Nbd5 33. c3 Ra3 34. Rxb2 Rxc3 35. Rc2 Rxc2+ 36. Kxc2 Kg7 37. Kb3 h5 38. gxh5 gxh5 39. Bxd5 cxd5 40. Kb4 Kg6 41. Kxb5 Kg5 42. Rg1+ Kf5 43. Rh1 Kg5 44. Rg1+ Kf5 1/2-1/2

[Event "Montreal Varennes op"]
[Site "Montreal"]
[Date "2017.10.07"]
[Round "2"]
[White "Cazelais, Marc"]
[Black "Sambuev, Bator"]
[Result "0-1"]
[WhiteElo "2174"]
[BlackElo "2535"]
[PlyCount "66"]
[EventDate "2017.10.06"]
[EventType "swiss"]
[EventRounds "5"]
[EventCountry "CAN"]
[SourceTitle "CBM 181 Extra"]
[Source "ChessBase"]
[SourceDate "2017.12.12"]
[SourceVersion "1"]
[SourceVersionDate "2017.12.12"]
[SourceQuality "1"]

1. e4 Nf6 2. e5 Nd5 3. Nc3 Nxc3 4. dxc3 d6 5. Bf4 Nc6 6. exd6 cxd6 7. Qd2 e5 8. Bg5 f6 9. Be3 Be6 10. c4 Rc8 11. Nf3 a6 12. Be2 Be7 13. 0-0 0-0 14. Rfd1 Qc7 15. b3 Rfd8 16. Qe1 h6 17. Qd2 g5 18. h4 Kg7 19. g3 d5 20. cxd5 Bxd5 21. Qc3 b5 22. Qb2 Qb7 23. Ne1 gxh4 24. gxh4 Kh8 25. Bxh6 Nd4 26. Rxd4 exd4 27. Qxd4 Be4 28. Qe3 Rg8+ 29. Kh2 Bd6+ 30. Bf4 Bc5 31. Qc3 Qg7 32. Qg3 Qh7 33. Qh3 Bxf2 0-1

[Event "Trois-Rivieres Mauricie op"]
[Site "Trois Rivieres"]
[Date "2016.03.20"]
[Round "4"]
[White "Libersan, Thierry"]
[Black "Cazelais, Marc"]
[Result "1-0"]
[WhiteElo "2132"]
[BlackElo "2207"]
[PlyCount "59"]
[EventDate "2016.03.18"]
[EventType "swiss"]
[EventRounds "5"]
[EventCountry "CAN"]
[SourceTitle "EXT 2022"]
[Source "ChessBase"]
[SourceDate "2021.10.06"]
[SourceVersion "1"]
[SourceVersionDate "2021.10.06"]
[SourceQuality "1"]

1. e4 g6 2. d4 Bg7 3. c4 d6 4. Nc3 Nc6 5. Nge2 e5 6. d5 Nce7 7. Ng3 f5 8. exf5 Nxf5 9. Bd3 Nf6 10. Bg5 0-0 11. Qd2 Qe8 12. 0-0-0 a6 13. Kb1 b5 14. cxb5 axb5 15. Nxb5 Qf7 16. Rc1 Nxd5 17. Bc4 Be6 18. Rhd1 c6 19. Ne4 cxb5 20. Bxd5 Nd4 21. Bxe6 Qxe6 22. b3 Qf5 23. f3 d5 24. g4 Qxf3 25. Nc5 Qxg4 26. Be3 Rf3 27. Bxd4 exd4 28. Nd3 Rh3 29. Rc7 Qe4 30. Qc2 1-0

[Event "Guelph op"]
[Site "Guelph"]
[Date "2005.07.30"]
[Round "5"]
[White "Urquhart, Eddie"]
[Black "Cazelais, Marc"]
[Result "1/2-1/2"]
[WhiteElo "2166"]
[BlackElo "2203"]
[PlyCount "29"]
[EventDate "2005.07.28"]
[EventType "swiss"]
[EventRounds "9"]
[EventCountry "CAN"]
[SourceTitle "CBM 107 Extra"]
[Source "ChessBase"]
[SourceDate "2005.09.01"]
[SourceVersion "1"]
[SourceVersionDate "2005.09.01"]
[SourceQuality "1"]

1. e4 c5 2. Nc3 Nc6 3. f4 g6 4. Nf3 Bg7 5. Bb5 Nd4 6. 0-0 Nxb5 7. Nxb5 d5 8. exd5 a6 9. Nc3 Nf6 10. Na4 Nxd5 11. Nxc5 Nxf4 12. d4 Ne6 13. Nxe6 Bxe6 14. c3 0-0 15. Bf4 1/2-1/2

[Event "Ontario-op"]
[Site "Ottawa"]
[Date "2005.05.23"]
[Round "6"]
[White "Cazelais, Marc"]
[Black "Pacey, Kevin"]
[Result "1/2-1/2"]
[WhiteElo "2201"]
[BlackElo "2268"]
[PlyCount "28"]
[EventDate "2005.05.22"]
[EventType "tourn"]
[EventRounds "6"]
[EventCountry "CAN"]
[SourceTitle "CBM 106 Extra"]
[Source "ChessBase"]
[SourceDate "2005.07.01"]
[SourceVersion "1"]
[SourceVersionDate "2005.07.01"]
[SourceQuality "1"]

1. e4 Nc6 2. Nf3 d6 3. d4 Nf6 4. Nc3 Bg4 5. Be3 e6 6. Be2 Be7 7. Qd2 a6 8. h3 Bh5 9. a3 d5 10. exd5 Bxf3 11. Bxf3 exd5 12. 0-0 h6 13. Bf4 0-0 14. Rfe1 Bd6 1/2-1/2

[Event "Gibraltar Masters"]
[Site "Caleta"]
[Date "2005.02.02"]
[Round "9"]
[White "Coimbra, Margarida Goncalves"]
[Black "Cazelais, Marc"]
[Result "1-0"]
[WhiteElo "2081"]
[BlackElo "2201"]
[PlyCount "103"]
[EventDate "2005.01.25"]
[EventType "swiss"]
[EventRounds "10"]
[EventCountry "GGB"]
[SourceTitle "CBM 104 Extra"]
[Source "ChessBase"]
[SourceDate "2005.03.01"]
[SourceVersion "1"]
[SourceVersionDate "2005.03.01"]
[SourceQuality "1"]

1. e4 c5 2. Nc3 Nc6 3. g3 g6 4. Bg2 Bg7 5. d3 d6 6. Be3 Rb8 7. Qd2 b5 8. Nge2 Nd4 9. 0-0 e6 10. Nc1 b4 11. Nd1 Nc6 12. c3 bxc3 13. bxc3 Qa5 14. Bf4 e5 15. Be3 Nge7 16. Bh6 0-0 17. Bxg7 Kxg7 18. f4 f5 19. Ne3 exf4 20. Rxf4 Ne5 21. Ne2 Ba6 22. exf5 gxf5 23. Nc4 Bxc4 24. dxc4 Qa6 25. Rh4 N7g6 26. Qh6+ Kf6 27. g4 Nf7 28. Qh5 Nxh4 29. Qxh4+ Kg7 30. Nf4 d5 31. Bxd5 Qh6 32. Ne6+ Kh8 33. Qxh6 Nxh6 34. Nxf8 Rxf8 35. gxf5 Rxf5 36. Rb1 Rg5+ 37. Kf1 Ng4 38. Rb8+ Kg7 39. Rb7+ Kf6 40. Rxh7 Ne3+ 41. Ke2 Nxd5 42. cxd5 Rg2+ 43. Kd3 Rxa2 44. Kc4 Kg6 45. Rc7 a5 46. Rxc5 a4 47. Ra5 Rxh2 48. Rxa4 Kf6 49. Kc5 Ke7 50. Ra7+ Ke8 51. c4 Rh6 52. d6 1-0

[Event "CAN-ch"]
[Site "Toronto"]
[Date "2004.08.20"]
[Round "1"]
[White "Bluvshtein, Mark"]
[Black "Cazelais, Marc"]
[Result "1-0"]
[WhiteElo "2462"]
[BlackElo "2133"]
[PlyCount "87"]
[EventDate "2004.08.20"]
[EventType "swiss"]
[EventRounds "9"]
[EventCountry "CAN"]
[SourceTitle "CBM 101 Extra"]
[Source "ChessBase"]
[SourceDate "2004.09.01"]
[SourceVersion "2"]
[SourceVersionDate "2004.09.01"]
[SourceQuality "1"]

1. e4 c5 2. Nf3 Nc6 3. d4 cxd4 4. Nxd4 Nf6 5. Nc3 e5 6. Ndb5 d6 7. Bg5 a6 8. Na3 b5 9. Bxf6 gxf6 10. Nd5 Bg7 11. Bd3 Ne7 12. Nxe7 Qxe7 13. 0-0 f5 14. c4 0-0 15. Qe2 Bb7 16. exf5 bxc4 17. Nxc4 d5 18. Na5 e4 19. Bc2 Qc7 20. Nxb7 Qxb7 21. Rad1 Rad8 22. Rd2 Rfe8 23. Qg4 Qb6 24. Rfd1 Kh8 25. g3 e3 26. fxe3 Bh6 27. Kg2 Bxe3 28. Rxd5 Rxd5 29. Rxd5 Qxb2 30. Qc4 Qb7 31. Kh3 Qc8 32. Qd3 Bg5 33. Bb3 Kg7 34. Rd7 Re7 35. Qd4+ Bf6 36. Qg4+ Kf8 37. Rxe7 Bxe7 38. Qh5 Qe8 39. Qxh7 Bf6 40. Qh6+ Ke7 41. Qe3+ Kf8 42. Qa7 Qe7 43. Qxa6 Qe5 44. Qc8+ 1-0

[Event "Quebec op"]
[Site "Montreal"]
[Date "2004.07.22"]
[Round "6"]
[White "Cazelais, Marc"]
[Black "Moskvitch, Andrei"]
[Result "1-0"]
[WhiteElo "2133"]
[BlackElo "2179"]
[PlyCount "133"]
[EventDate "2004.07.17"]
[EventType "swiss"]
[EventRounds "9"]
[EventCountry "CAN"]
[SourceTitle "CBM 101 Extra"]
[Source "ChessBase"]
[SourceDate "2004.09.01"]
[SourceVersion "2"]
[SourceVersionDate "2004.09.01"]
[SourceQuality "1"]

1. e4 c5 2. c3 Nf6 3. e5 Nd5 4. d4 cxd4 5. Nf3 Nc6 6. Bc4 Nb6 7. Bb3 d5 8. exd6 Qxd6 9. 0-0 Be6 10. Bxe6 Qxe6 11. Nxd4 Nxd4 12. Qxd4 Rd8 13. Qh4 Qe2 14. Be3 Qxb2 15. Nd2 Rxd2 16. Rab1 Qxa2 17. Bxd2 Qxd2 18. Rfd1 Qc2 19. Qf4 f6 20. Qb8+ Kf7 21. Qxa7 Nd5 22. Rdc1 Qe4 23. Qxb7 Nxc3 24. Rxc3 Qxb7 25. Rxb7 g5 26. Rc8 Bg7 27. Rxh8 Bxh8 28. g4 Bg7 29. Kg2 Bf8 30. Kf3 Kg6 31. Ke4 e6 32. f3 Bg7 33. h3 f5+ 34. Kd3 h6 35. Kc4 Bf8 36. Kb5 fxg4 37. fxg4 h5 38. Kc6 hxg4 39. hxg4 Kf6 40. Rb5 Ba3 41. Kd7 Bc1 42. Rb1 Bd2 43. Rb2 Bc3 44. Re2 e5 45. Rf2+ Kg6 46. Ke6 Be1 47. Rf6+ Kg7 48. Rf5 e4 49. Re5 Kg6 50. Rxe4 Bf2 51. Ra4 Be1 52. Ra6 Bc3 53. Kd5+ Kf7 54. Ke4 Bd2 55. Kf5 Be3 56. Rf6+ Kg7 57. Re6 Bc1 58. Re7+ Kf8 59. Rb7 Bf4 60. Kf6 Ke8 61. Ra7 Bd2 62. Ra8+ Kd7 63. Rg8 Be3 64. Rxg5 Bxg5+ 65. Kxg5 Ke7 66. Kg6 Kf8 67. Kh7 1-0

[Event "Quebec op"]
[Site "Montreal"]
[Date "2004.07.21"]
[Round "5"]
[White "Barbeau, Sylvain"]
[Black "Cazelais, Marc"]
[Result "1-0"]
[WhiteElo "2404"]
[BlackElo "2133"]
[PlyCount "63"]
[EventDate "2004.07.17"]
[EventType "swiss"]
[EventRounds "9"]
[EventCountry "CAN"]
[SourceTitle "CBM 101 Extra"]
[Source "ChessBase"]
[SourceDate "2004.09.01"]
[SourceVersion "2"]
[SourceVersionDate "2004.09.01"]
[SourceQuality "1"]

1. e4 c5 2. Nf3 Nc6 3. d4 cxd4 4. Nxd4 Nf6 5. Nc3 e5 6. Ndb5 d6 7. Bg5 a6 8. Na3 b5 9. Bxf6 gxf6 10. Nd5 Bg7 11. Bd3 Ne7 12. Nxe7 Qxe7 13. c3 f5 14. 0-0 0-0 15. Nc2 Bb7 16. exf5 d5 17. Ne3 Rad8 18. Qh5 e4 19. Be2 Rd6 20. Rad1 Qe5 21. Ng4 Qe7 22. f6 Bxf6 23. Nh6+ Kh8 24. Nf5 Qe5 25. Nxd6 Qxd6 26. Bg4 Qf4 27. g3 Qg5 28. Qxg5 Bxg5 29. f3 e3 30. f4 Bf6 31. Rfe1 Re8 32. Bf3 1-0

[Event "Quebec op"]
[Site "Montreal"]
[Date "2004.07.20"]
[Round "4"]
[White "Cazelais, Marc"]
[Black "Fillion, Steve"]
[Result "1-0"]
[WhiteElo "2133"]
[BlackElo "2169"]
[PlyCount "71"]
[EventDate "2004.07.17"]
[EventType "swiss"]
[EventRounds "9"]
[EventCountry "CAN"]
[SourceTitle "CBM 101 Extra"]
[Source "ChessBase"]
[SourceDate "2004.09.01"]
[SourceVersion "2"]
[SourceVersionDate "2004.09.01"]
[SourceQuality "1"]

1. e4 e6 2. d4 d5 3. Nc3 Nf6 4. Bg5 Be7 5. Bxf6 Bxf6 6. e5 Be7 7. Qg4 0-0 8. Bd3 f5 9. Qg3 c5 10. dxc5 Bxc5 11. Nf3 Nc6 12. 0-0 Bd7 13. Ne2 Qe7 14. c3 Rac8 15. Nf4 Bb6 16. Rfe1 a6 17. Ng5 Bc7 18. Ng6 Qe8 19. Nxf8 Qxf8 20. Nf3 Bb6 21. Rad1 Qc5 22. Bb1 Be8 23. Rd2 Bh5 24. Ng5 Qe7 25. h4 d4 26. Qf4 h6 27. Nxe6 Qxe6 28. Bxf5 Qf7 29. Qe4 Rf8 30. g4 g6 31. e6 Qf6 32. e7 Re8 33. Be6+ Kh8 34. gxh5 gxh5 35. Qf5 Qxh4 36. Qf8+ 1-0

[Event "Montreal Bolduc-A 3rd"]
[Site "Montreal"]
[Date "2004.03.29"]
[Round "2"]
[White "Tremblay, Alain"]
[Black "Cazelais, Marc"]
[Result "1-0"]
[WhiteElo "2012"]
[BlackElo "2133"]
[PlyCount "69"]
[EventDate "2004.03.??"]
[EventType "tourn"]
[EventRounds "9"]
[EventCountry "CAN"]
[SourceTitle "EXT 2006"]
[Source "ChessBase"]
[SourceDate "2005.11.24"]
[SourceVersion "1"]
[SourceVersionDate "2005.11.24"]
[SourceQuality "1"]

1. e4 c5 2. Nf3 Nc6 3. d4 cxd4 4. Nxd4 Nf6 5. Nc3 e5 6. Ndb5 d6 7. Bg5 a6 8. Na3 b5 9. Nd5 Be7 10. Bxf6 Bxf6 11. c3 Ne7 12. Nxe7 Qxe7 13. Nc2 Bb7 14. Qf3 0-0 15. Ne3 g6 16. Bd3 Bg7 17. Qh3 b4 18. c4 f5 19. Nd5 Bxd5 20. cxd5 fxe4 21. Bxe4 Rf4 22. f3 Qc7 23. 0-0 Qc5+ 24. Kh1 Raf8 25. Rac1 Qd4 26. Rfd1 Qxb2 27. Rc2 Qa3 28. Qe6+ Kh8 29. Qxd6 Qa4 30. Qc6 Qa5 31. d6 R4f6 32. Qc7 Qa4 33. d7 b3 34. Rc4 Qxa2 35. d8Q 1-0

[Event "Mauricie op"]
[Site "Trois Rivieres"]
[Date "2004.03.20"]
[Round "2"]
[White "Cazelais, Marc"]
[Black "Roussel Roozmon, Thomas"]
[Result "1/2-1/2"]
[WhiteElo "2119"]
[BlackElo "2456"]
[PlyCount "163"]
[EventDate "2004.03.??"]
[EventType "swiss"]
[EventRounds "5"]
[EventCountry "CAN"]
[SourceTitle "EXT 2005"]
[Source "ChessBase"]
[SourceDate "2004.11.15"]
[SourceVersion "1"]
[SourceVersionDate "2004.11.15"]
[SourceQuality "1"]

1. e4 c5 2. c3 Nf6 3. e5 Nd5 4. d4 cxd4 5. Nf3 Nc6 6. Bc4 Nb6 7. Bb3 d5 8. exd6 Qxd6 9. 0-0 Be6 10. Bxe6 Qxe6 11. Nxd4 Nxd4 12. Qxd4 Rd8 13. Qh4 Qe2 14. Be3 e6 15. Na3 Be7 16. Qg3 0-0 17. Rab1 Rd3 18. h3 Bxa3 19. bxa3 Rxc3 20. Qg5 Rc6 21. Bxb6 Rxb6 22. Rxb6 axb6 23. Rb1 Qxa2 24. Rxb6 Qxa3 25. Rxb7 Qa1+ 26. Kh2 Qd4 27. Qg3 g6 28. Rb8 h5 29. Rxf8+ Kxf8 30. Kg1 h4 31. Qf3 Kg7 32. Qe2 Kf6 33. Qf3+ Kg7 34. Qe2 g5 35. Qe1 Kf6 36. Qb1 Qc3 37. Qd1 Qe5 38. Qb1 Qd4 39. Qe1 e5 40. Qc1 e4 41. Qc6+ Kg7 42. Qc1 f6 43. Qc7+ Kg6 44. Qc1 Qd3 45. Kh1 Qd4 46. Kg1 Qe5 47. Qb1 Qe6 48. Kh1 f5 49. Kg1 Kh6 50. Qc1 f4 51. Qe1 Kg7 52. Qa1+ Kf7 53. Qa7+ Kg6 54. Qd4 e3 55. Kf1 Qa6+ 56. Ke1 Qa5+ 57. Kd1 exf2 58. Qxf2 Qc3 59. Qb6+ Kf5 60. Qb5+ Kf6 61. Qb6+ Kg7 62. Qb7+ Kh6 63. Qa6+ Kg7 64. Qb7+ Kf6 65. Qb6+ Ke7 66. Qb7+ Kd6 67. Qb8+ Qc7 68. Qxc7+ Kxc7 69. Ke2 Kd6 70. Kf3 Ke5 71. Kg4 Kf6 72. Kf3 Kf5 73. Kf2 Ke4 74. Ke2 Kd4 75. Kf3 Ke5 76. Kg4 Kf6 77. Kf3 Kf5 78. Kf2 g4 79. hxg4+ Kxg4 80. Kf1 Kf5 81. Kf2 Ke4 82. Ke2 1/2-1/2

[Event "Montreal Bolduc-A 3rd"]
[Site "Montreal"]
[Date "2004.??.??"]
[Round "4"]
[White "Gilman, Arkadiy M"]
[Black "Cazelais, Marc"]
[Result "0-1"]
[WhiteElo "2235"]
[BlackElo "2133"]
[PlyCount "48"]
[EventDate "2004.03.??"]
[EventType "tourn"]
[EventRounds "9"]
[EventCountry "CAN"]
[SourceTitle "EXT 2006"]
[Source "ChessBase"]
[SourceDate "2005.11.24"]
[SourceVersion "1"]
[SourceVersionDate "2005.11.24"]
[SourceQuality "1"]

1. d4 g6 2. e4 c6 3. c4 d5 4. Nc3 dxe4 5. Nxe4 Bg7 6. Be3 Nd7 7. Be2 Ngf6 8. Nxf6+ Nxf6 9. h3 Qa5+ 10. Qd2 Qxd2+ 11. Kxd2 Ne4+ 12. Kc2 Bf5 13. Kb3 0-0 14. Nf3 Rfd8 15. Rad1 Rac8 16. a4 Kf8 17. Rhe1 Be6 18. Bd3 f5 19. Ng5 Nxg5 20. Bxg5 Kf7 21. Rxe6 Kxe6 22. Re1+ Kf7 23. Rxe7+ Kf8 24. Rxb7 Rb8 0-1

[Event "Montreal Bolduc-A 3rd"]
[Site "Montreal"]
[Date "2004.??.??"]
[Round "8"]
[White "Rousseau, Daniel"]
[Black "Cazelais, Marc"]
[Result "0-1"]
[WhiteElo "2109"]
[BlackElo "2133"]
[PlyCount "80"]
[EventDate "2004.03.??"]
[EventType "tourn"]
[EventRounds "9"]
[EventCountry "CAN"]
[SourceTitle "EXT 2006"]
[Source "ChessBase"]
[SourceDate "2005.11.24"]
[SourceVersion "1"]
[SourceVersionDate "2005.11.24"]
[SourceQuality "1"]

1. e4 g6 2. d4 Bg7 3. Nf3 c6 4. Nc3 d5 5. e5 Bg4 6. h3 Bxf3 7. Qxf3 f6 8. Bf4 Nd7 9. 0-0-0 fxe5 10. dxe5 Bxe5 11. Bd2 Ngf6 12. Bh6 Qa5 13. Bd3 Bxc3 14. bxc3 0-0-0 15. Rhe1 Rhe8 16. Re6 Nc5 17. Rde1 Nxe6 18. Rxe6 Qxa2 19. Bf4 Ne4 20. Kd1 Nxc3+ 21. Kd2 Ne4+ 22. Ke2 Nd6 23. Qe3 d4 24. Qe5 Qd5 25. Qxd5 cxd5 26. h4 Kd7 27. Re5 e6 28. h5 Rg8 29. hxg6 hxg6 30. Rg5 Nf5 31. Be5 a6 32. g4 Ne7 33. Bxd4 Rc8 34. Bf6 Rcf8 35. Bb2 b5 36. Re5 Nc6 37. Re3 Nb4 38. Rh3 Rf7 39. g5 Nxd3 40. Rxd3 Rc8 0-1

[Event "Mauricie-ch"]
[Site "Shawinigan"]
[Date "2003.03.21"]
[Round "2"]
[White "Cazelais, Marc"]
[Black "Hebert, Jean"]
[Result "1/2-1/2"]
[WhiteElo "2097"]
[BlackElo "2460"]
[PlyCount "64"]
[EventDate "2003.03.21"]
[EventType "swiss"]
[EventRounds "5"]
[EventCountry "CAN"]
[SourceTitle "EXT 2006"]
[Source "ChessBase"]
[SourceDate "2005.11.24"]
[SourceVersion "1"]
[SourceVersionDate "2005.11.24"]
[SourceQuality "1"]

1. e4 g6 2. d4 d6 3. Nc3 c6 4. Nf3 Bg7 5. a4 a5 6. h3 Nf6 7. Be3 Na6 8. Be2 0-0 9. 0-0 Nb4 10. Qd2 b6 11. Rfd1 Ba6 12. Bxa6 Rxa6 13. Rac1 Ra8 14. Bh6 Rc8 15. Bxg7 Kxg7 16. Qe3 Qd7 17. Rd2 Qb7 18. Re1 Rfd8 19. Red1 Re8 20. Re1 Qc7 21. Qe2 Qb7 22. Qe3 h6 23. Red1 Qd7 24. Re1 Rb8 25. Ra1 Qe6 26. b3 Qc8 27. Re1 Qc7 28. Red1 Rbd8 29. Qe2 Qc8 30. Qe3 Rg8 31. Re1 Rge8 32. Red1 Qc7 1/2-1/2